[Event "Hinckley e2e4 Major op"]
[Site "Hinckley Island"]
[Date "2012.08.25"]
[Round "2"]
[White "Gardner, Phillip K"]
[Black "Ropp, Wiatt"]
[Result "1-0"]
[WhiteElo "1819"]
[BlackElo "1936"]
[PlyCount "65"]
[EventDate "2012.08.24"]
[EventType "swiss"]
[EventRounds "7"]
[EventCountry "ENG"]
[SourceTitle "EXT 2014"]
[Source "ChessBase"]
[SourceDate "2013.11.20"]
[SourceVersion "1"]
[SourceVersionDate "2013.11.20"]
[SourceQuality "1"]

1. e4 g6 2. d4 Bg7 3. Nc3 d6 4. f4 e6 5. Nf3 Ne7 6. Be3 a6 7. Bd3 Nd7 8. 0-0 b6 9. Qe1 Bb7 10. Rd1 Nf6 11. h3 Qc8 12. a3 c5 13. dxc5 dxc5 14. Ne5 0-0 15. Qf2 Qc7 16. a4 Nc6 17. Nxc6 Bxc6 18. a5 Nd7 19. e5 Ra7 20. axb6 Qxb6 21. Rb1 Qb4 22. Na2 Qa5 23. Ra1 Rc8 24. b4 Qa3 25. Rfb1 Bd5 26. Nc1 Qc3 27. Ne2 Nxe5 28. Nxc3 Nxd3 29. cxd3 Bxc3 30. Bxc5 Rd7 31. Ra3 Bg7 32. Rxa6 Bb7 33. Rd6 1-0

[Event "BCF-chT3S 1112 (4NCL)"]
[Site "England"]
[Date "2012.02.11"]
[Round "5.4"]
[White "Ropp, Wiatt"]
[Black "Shepley, Julien M"]
[Result "0-1"]
[WhiteElo "1923"]
[BlackElo "2045"]
[PlyCount "78"]
[EventDate "2011.11.12"]
[EventType "team-swiss"]
[EventRounds "6"]
[EventCountry "ENG"]
[SourceTitle "EXT 2013"]
[Source "ChessBase"]
[SourceDate "2012.11.22"]
[SourceVersion "1"]
[SourceVersionDate "2012.11.22"]
[SourceQuality "1"]
[WhiteTeam "Warwicks Select II"]
[BlackTeam "Guildford III"]
[WhiteTeamCountry "ENG"]
[BlackTeamCountry "ENG"]

1. c4 Nf6 2. g3 e6 3. Bg2 c5 4. e3 Be7 5. Ne2 0-0 6. Nbc3 d6 7. 0-0 Nbd7 8. b3 Rb8 9. Bb2 a6 10. d4 cxd4 11. Nxd4 Ne5 12. Rc1 Bd7 13. Qe2 Ng6 14. e4 Re8 15. Rfd1 Qa5 16. Rd2 h5 17. Rf1 h4 18. f4 hxg3 19. hxg3 b5 20. e5 b4 21. Ne4 dxe5 22. Nxf6+ gxf6 23. Nf3 Qc5+ 24. Kh2 Bc6 25. fxe5 Bxf3 26. Bxf3 Nxe5 27. Bd4 Nxf3+ 28. Qxf3 Qg5 29. Be3 Qg6 30. Rd4 f5 31. g4 Kg7 32. Qg3 Rh8+ 33. Kg2 Bh4 34. Qe5+ Bf6 35. Qc7 Rbc8 36. Qb7 e5 37. Rxf5 exd4 38. Bh6+ Qxh6 39. g5 Qh1+ 0-1